| 000 | 00529nam a22001697a 4500 | ||
|---|---|---|---|
| 003 | PILC | ||
| 005 | 20150112093445.0 | ||
| 008 | 130214t xxu||||| |||| 00| 0 eng d | ||
| 020 | _a9711110881 | ||
| 050 |
_aKPM 1744 _b.Si623 2001 |
||
| 082 |
_aFil 344.599 _bSi8 2000 pages :3 |
||
| 100 |
_aSison, Carmelo V. _922809 |
||
| 245 |
_aTeaching the 1987 constitution : _cCarmelo V. Sison _bpart III human rights and the bill of rights / |
||
| 260 |
_aQuezon City _bJMC Press _c2001. |
||
| 300 |
_a74 pages : _c23 cm. |
||
| 942 |
_2lcc _cBK |
||
| 999 |
_c14883 _d14883 |
||